000
00287nam a2200109Ia 4500
008
220204s9999 xx 000 0 und d
082
_a
581.48:633
_b
KEL
100
_a
Kellyy, A Fenwick
245
0
_a
Seed production of agricultural crops
260
_a
New York
_b
Longman
_c
1988
942
_c
BK
999
_c
39805
_d
39805